Blocks away (Record no. 121095)
[ view plain ]
| 000 -LEADER | |
|---|---|
| fixed length control field | 01097nam a2200205 4500 |
| 001 - CONTROL NUMBER | |
| control field | K121095 |
| 007 - PHYSICAL DESCRIPTION FIXED FIELD--GENERAL INFORMATION | |
| fixed length control field | ta |
| 008 - FIXED-LENGTH DATA ELEMENTS--GENERAL INFORMATION | |
| fixed length control field | 190815b2019 ||||| |||| 00| 0 eng d |
| 041 ## - LANGUAGE CODE | |
| Language code of text/sound track or separate title | eng |
| 100 ## - MAIN ENTRY--PERSONAL NAME | |
| Personal author | Hanney, Megan |
| 245 ## - TITLE STATEMENT | |
| Title | Blocks away |
| 490 ## - SERIES TITLE | |
| Series statement | RICS Property Journal |
| Volume | May/June 2019, 28- 30 (3) |
| 520 ## - ABSTRACT | |
| Abstract | Discusses the findings of research undertaken by Nottingham Trent University into blockchain's impact on commercial real estate highlighting barriers and potential solutions. Key advantages of blockchain are transparency, data security, analytical capabilities and increased liquidity. Suggests that barriers within commercial real estate sector are culture, lack of expertise and reluctance to adopt technical innovation. Summarises research findings and progress made by key players in developing block chain including RICS, CPRE, Savills and Land Registry. |
| 650 ## - KEYWORDS | |
| Keywords | Big data |
| 650 ## - KEYWORDS | |
| Keywords | Data management |
| 651 ## - SUBJECT ADDED ENTRY--GEOGRAPHIC NAME | |
| Geographic name | United Kingdom 1973 |
| 690 ## - LOCAL SUBJECT ADDED ENTRY--TOPICAL TERM (OCLC, RLIN) | |
| 9 (RLIN) | 6274 |
| Topical term or geographic name as entry element | PropTech |
| 856 ## - ONLINE RESOURCE | |
| Uniform Resource Identifier | https://issuu.com/ricsmodus/docs/property_journal-may-june_2019-rics/60 |
| 942 ## - ADDED ENTRY ELEMENTS (KOHA) | |
| Source of classification or shelving scheme | Dewey Decimal Classification |
| Withdrawn status | Lost status | Damaged status | Not for loan | Home library | Current library | Shelving location | Date acquired | Total Checkouts | Date last seen | Price effective from | Koha item type |
|---|---|---|---|---|---|---|---|---|---|---|---|
| Virtual | Virtual | Online | 15/08/2019 | 15/08/2019 | 15/08/2019 | Journal article |